000 00572nam a2200205Ia 4500
003 IN-BaIIA
008 211028s9999 xx 000 0 eng d
020 _a978-93-81300-36-7
040 _cIIA Library
080 _a5(091)
_bBER-3
100 _aBernal, J. D
_935260
245 0 _aScience in history
_bvol. 3, the natuaral sciences in our time
_cJ. D. Bernal
260 _aBhopal
_bEklavya
_c1969
300 _a703-1003p.
650 _aBiological science
_935261
650 _aPhysical Science
_935262
650 _aScience
_91299
650 _aTime
_92741
942 _cBK
999 _c18387
_d18387